MARC

LEADER 00000nas a2200000 a 4500
001 ssj0004409
003 WaSeSS
005 20200512172242.0
006 m d
007 cr n
008 050614c19269999pauqr p s 0 a0eng c
010 |a  2006212179 
015 |a GBB605133  |2 bnb 
016 7 |a 016008932  |2 Uk 
022 |a 1930-6962  |l 0016-8890  |y 0016-8890 
035 |a (WaSeSS)ssj0004409 
037 |b Taylor and Francis, 325 Chestnut St., Ste. 800, Philadelphia, PA 19106 
040 |a OCLCS  |b eng  |e pn  |c OCLCS  |d NSD  |d OCLCQ  |d OCLCE  |d IUL  |d TXA  |d UKMGB  |d OCLCQ  |d OCLCA  |d OCLCQ  |d OCLCO  |d OCLCA  |d OCLCF  |d CUS  |d OCLCO  |d OCLCQ  |d DEFHM  |d OCLCO  |d OCLCA  |d NLE  |d AU@  |d VT2  |d DLC  |d WaSeSS 
041 0 |a eng  |a ger 
042 |a nsdp  |a pcc 
043 |a e-gx--- 
050 0 0 |a PD1 
082 0 4 |a 430/.05 
130 0 |a Germanic review (Online) 
222 4 |a The Germanic review  |b (Online) 
245 1 4 |a The Germanic review  |h [electronic resource]. 
260 |3 1975-2009 ;  |a Washington :  |b Heldref Publications 
260 3 |3 2010- ;  |a [Philadelphia, PA] :  |b Taylor & Francis Group, LLC 
310 |a Quarterly 
321 |a 4 no. a year,  |b <Jan. 1975-> 
321 |a Quarterly,  |b 1926- 
362 1 |a Print began with vol. 1(Jan. 1926). 
500 |a "Literature, culture, theory." 
506 |a License restrictions may limit access. 
538 |a Mode of access: World Wide Web. 
546 |a Contributions in German or English. 
588 |a Description based on: Vol. 72, no. 1 (winter 1997); title from PDF article header (MetaPress, viewed Mar. 11, 2011). 
588 |a Latest issue consulted: Vol. 94, no. 2 (2019) (Taylor & Francis website, viewed May 11, 2019). 
650 0 |a Germanic philology  |v Periodicals. 
650 6 |a Philologie germanique  |v Périodiques. 
650 7 |a Germanic philology.  |2 fast  |0 (OCoLC)fst00942066 
650 1 7 |a Letterkunde.  |2 gtt 
650 1 7 |a Germaanse talen.  |2 gtt 
650 7 |a Germanistik  |2 gnd 
655 0 |a Electronic journals. 
710 2 |a Columbia University.  |b Department of Germanic Languages. 
776 0 8 |i Print version:  |t Germanic review  |x 0016-8890  |w (DLC) 28010218  |w (OCoLC)1242828 
850 |a DLC 
856 4 0 |z Full text available from Research Library: 01/01/1991 to 10/31/2010  |u https://search.proquest.com/publication/41694